000 00919nam a22002897a 4500
003 CHAP
005 20220329134423.0
008 971013s1976 r 00010 d
010 _a20251
011 _a21223
035 _a25312
040 _cCHAP
090 _aTesis
100 0 0 _aAranda Ordaz, Francisco Javier.
_96503
245 _aEstado actual de la descriminación estadística
260 _aMéxico, D.F. :
_bEl autor,
_c1976
300 _a221 h
502 _aTesis (M.C. Actuario) -- UNAM. Instituto de Investigacoines en Matemáticas Aplicadas y en Sistemas
590 _aALEPH
_b10
_c20130110
_lUCH01
_h1243
590 _aBATCH-UPD
_b10
_c20130110
_lUCH01
_h2156
590 _aBATCH-UPD
_b10
_c20130410
_lUCH01
_h1504
590 _aCONVERSION
_b10
_c20130109
_lUCH01
_h1312
650 1 4 _aAnalisis discriminante.
_95979
901 _aBK
942 _cTESIS
949 _bBC
_cTES
_d-58385
_eTS1
_h17353
_i25312
_si
999 _c20251
_d20251